| 000 | 01131nam a22002657a 4500 | ||
|---|---|---|---|
| 003 | OSt | ||
| 005 | 20250328153837.0 | ||
| 008 | 240904b ||||| |||| 00| 0 eng d | ||
| 040 | _c0 | ||
| 082 | _aDPer 621.317 Ie21 December 2022 v.37 n. 12 part 1&2. | ||
| 100 |
_aSun, Jiajiang. _eauthor. _960164 |
||
| 245 |
_aBandwidth and audible noise improvement of sensorless ipmsm drivers based on amplitude modulation multirandom frequency injection / _cJiajiang Sun, Jin Zhao, Lisi Tian, Yujin Song, and Yang Liu. |
||
| 260 |
_aNew York ; _bThe Institute of Electrical and Electronics Engineers, Inc., _cDecember 2022. |
||
| 300 |
_avolume 37, pages 14126-14140, _billustration. |
||
| 500 | _aIEEE Transactions on Power Electronics, v. 37 n. 12, pages 14126-14140, December 2022. | ||
| 650 | 0 |
_aAudible noise. _966002 |
|
| 650 | 0 |
_aBandwidth. _966003 |
|
| 650 | 0 |
_asensorless control. _966004 |
|
| 700 |
_aSun, Jiajiang. _eauthor. _960164 |
||
| 700 |
_aZhao, Jin. _eauthor. _960165 |
||
| 700 |
_aTian, Lisi. _eauthor. _960166 |
||
| 700 |
_aSong, Yujin. _eauthor. _960167 |
||
| 700 |
_aLiu, Yang. _eauthor. _960168 |
||
| 942 |
_2ddc _cPER |
||
| 999 |
_c21307 _d21307 |
||